|
|
|
|
| LEADER |
03909nam a22003973i 4500 |
| 001 |
EBC6695272 |
| 003 |
MiAaPQ |
| 005 |
20231204023218.0 |
| 006 |
m o d | |
| 007 |
cr cnu|||||||| |
| 008 |
231204s2015 xx o ||||0 ger d |
| 020 |
|
|
|a 9783839430934
|q (electronic bk.)
|
| 020 |
|
|
|z 9783837630930
|
| 035 |
|
|
|a (MiAaPQ)EBC6695272
|
| 035 |
|
|
|a (Au-PeEL)EBL6695272
|
| 035 |
|
|
|a (OCoLC)979595913
|
| 040 |
|
|
|a MiAaPQ
|b eng
|e rda
|e pn
|c MiAaPQ
|d MiAaPQ
|
| 100 |
1 |
|
|a Möller, Kolja.
|
| 245 |
1 |
0 |
|a Formwandel der Verfassung :
|b Die postdemokratische Verfasstheit des Transnationalen.
|
| 250 |
|
|
|a 1st ed.
|
| 264 |
|
1 |
|a Bielefeld :
|b transcript,
|c 2015.
|
| 264 |
|
4 |
|c {copy}2015.
|
| 300 |
|
|
|a 1 online resource (245 pages)
|
| 336 |
|
|
|a text
|b txt
|2 rdacontent
|
| 337 |
|
|
|a computer
|b c
|2 rdamedia
|
| 338 |
|
|
|a online resource
|b cr
|2 rdacarrier
|
| 490 |
1 |
|
|a Edition Politik ;
|v v.23
|
| 505 |
0 |
|
|a Cover -- Inhalt -- Erster Teil - Konstitutionalismus als widersprüchliche Form -- I. Die globale Verfassungsfrage -- II. Reflexivität -- III. Der Widerspruch der Verfassung mit sich selbst. Anschlüsse an Hegel und Marx -- IV. Verfassungssoziologie -- Zweiter Teil - Formwandel des Konstitutionalismus: Die Weltgesellschaft als fragmentierte Hegemoniekonstellation -- I. Das Weltwirtschaftsregime und der politikwissenschaftliche Legitimismus -- 1. Das Weltwirtschaftsregime -- 2. Legitimismus -- II. Weltgesellschaft -- 1. Dominanz kognitiver Erwartungsstile -- 2. Inklusion / Exklusion als Leitdifferenz -- 3. Das Herrschaftsproblem -- III. Hybride Regime -- IV. Eigenrationalitätsmaximierung -- 1. Kollisionen und Paradoxien -- 2. Grenzen der Regimediagnose -- V. Hegemonie -- 1. Marktliberale Hegemonie -- 2. Antagonismus und das Außen der Regime -- 3. Das Politische -- 4. Leere und Kritik -- VI. Formwandel des Konstitutionalismus -- 1. Regimeverfassungen -- 2. Substantialisierung -- 3. Antagonistische Verfassungen -- Dritter Teil - Kritik zeitgenössischer Verfassungstheorie -- I. Die Konstitutionalisierung des Völkerrechts -- 1. Nachordnung der hegemonialen Regime -- 2. Verfassung der Form der Herrschaftsausübung -- a. Kelsen oder Schmitt? -- b. Policey und Verfassung -- c. Die Politik des internationalen Rechts -- 3. Menschenrechte -- a. Repressive Toleranz -- b. Platzhalterfunktion -- 4. Dr. Jekyll and Mr. Hyde -- II. Zwischen Verselbstständigung und Emanzipation: Transnationaler gesellschaftlicher Konstitutionalismus -- 1. Zivile Verfassungstheorie -- a. Gesellschaftsverfassung im Nationalstaat -- b. Antagonismus -- c. Evolution und Revolution -- 2. Soziale Demokratie -- a. Responsivität -- b. Reflexivität -- c. Das Politische -- 3. Grund- und Menschenrechte -- 4. Systemkritik im System.
|
| 505 |
8 |
|
|a Vierter Teil - Von der konstituierenden Macht zur destituierenden Macht -- I. Volkssouveränität -- 1. Vertrag statt Verfassung -- 2. Formwandel der Demokratie -- 3. Abschied von der Volkssouveränität? -- II. Destituierende Macht -- 1. Konstitution und Destitution -- 2. Paradoxe Verfassung -- 3. Staat und Zivilgesellschaft -- III. Ein demokratisches Dispositiv für die Regime -- 1. Leere -- 2. Opposition und Kontestation -- Epilog: Verfassungskämpfe langer Dauer und die Wiederkehr des Plebejischen -- Literaturverzeichnis -- Danksagung.
|
| 588 |
|
|
|a Description based on publisher supplied metadata and other sources.
|
| 590 |
|
|
|a Electronic reproduction. Ann Arbor, Michigan : ProQuest Ebook Central, 2023. Available via World Wide Web. Access may be limited to ProQuest Ebook Central affiliated libraries.
|
| 655 |
|
4 |
|a Electronic books.
|
| 776 |
0 |
8 |
|i Print version:
|a Möller, Kolja
|t Formwandel der Verfassung
|d Bielefeld : transcript,c2015
|z 9783837630930
|
| 797 |
2 |
|
|a ProQuest (Firm)
|
| 830 |
|
0 |
|a Edition Politik
|
| 856 |
4 |
0 |
|u https://ebookcentral.proquest.com/lib/matrademy/detail.action?docID=6695272
|z Click to View
|